Ochorenia z povolania v lesnom hospodárstve v okrese Zvolen v rokoch 1980-2000

Bibliographic Details
Main Author: Čunderlíková, E. (Author)
Corporate Authors: Kongres pracovného lekárstva s medzinárodnou účasťou (Author), Košické dni pracovného lekárstva a toxikológie (Author)
Format: Conference Proceeding Article
Language:Slovak
ISSN:1212-6721
Subjects:

MARC

LEADER 00000nab a2200000 a 4500
001 vtls000808725
003 SK-MaSNL
005 20260304174704.0
008 160324c2002 xo 0 slo
015 |a SNBRB2002/11-35022 
035 |a CLN000160380 
040 |a SNKBUCL  |b slo  |c SNKBUCL  |e AACR2 
041 0 |a slo 
044 |a xo  |c SK 
080 |a 613.62:630:061.3  |2 1997 
100 1 |a Čunderlíková, E.  |4 aut  |9 1371161 
245 1 0 |a Ochorenia z povolania v lesnom hospodárstve v okrese Zvolen v rokoch 1980-2000  |c E. Čunderlíková 
650 0 7 |a kongresy  |2 SNKPH  |9 19200 
650 0 7 |a choroby z povolania  |2 SNKPH  |9 2542 
650 0 7 |a lesné hospodárstvo  |2 SNKPH  |9 1256 
650 0 7 |a hluk na pracovisku  |2 SNK  |9 1451322 
650 0 7 |a vibrácia  |2 SNK  |9 921750 
650 0 7 |a primárna prevencia  |2 SNK  |9 506040 
655 7 |a články z novín a časopisov  |2 SNK  |9 267496 
711 1 |a Kongres pracovného lekárstva s medzinárodnou účasťou  |n 26.  |d 2001  |c Tatranské Zruby, Slovensko  |4 aut  |9 1208692 
711 1 |a Košické dni pracovného lekárstva a toxikológie  |n (3. :  |d 2001 :  |c Tatranské Zruby, Slovensko)  |4 aut  |9 23697 
773 0 |x 1212-6721  |t České pracovní lékařství  |g Roč. 3, č. 2 (2002), s. 94 
850 |a Slovenská národná knižnica v Martine 
852 |a SNK  |b KIS3GCP 
958 |a MI 
958 |a RBX 
999 |c 3010074  |d 3012004